Loisirs de plein air et economie de sol : comment repondre aux besoins de la population en matiere d'espaces et d'equipements de plein air tout en economisant le sol

Αποθηκεύτηκε σε:
Λεπτομέρειες βιβλιογραφικής εγγραφής
Κύριος συγγραφέας: Baud, Aristea
Άλλοι συγγραφείς: Baud-Bovy, M. (Manuel)
Μορφή: Βιβλίο
Γλώσσα:French
Δημοσίευση: Paris : Centre des hautes etudes touristiques, 1990
Σειρά:Cahiers du tourisme. Serie C ; ; 104
Θέματα:
Ετικέτες: Προσθήκη ετικέτας
Δεν υπάρχουν, Καταχωρήστε ετικέτα πρώτοι!

MARC

LEADER 00000nam a2200000 i 4500
001 1/18902
008 960621s1990 fre d
035 |l 10021077 
040 |a GR-MY-UA  |b gre  |e aacr 
041 0 |a fre 
082 0 |a 338.4791 
100 1 |a Baud, Aristea. 
245 1 0 |a Loisirs de plein air et economie de sol :  |b comment repondre aux besoins de la population en matiere d'espaces et d'equipements de plein air tout en economisant le sol /  |c Aristea Baud, Manuel Bovy 
260 |a Paris :   |b Centre des hautes etudes touristiques,   |c 1990 
300 |a 54 p. 
490 1 |a Cahiers du tourisme. Serie C  |v ; No 104 
500 |a Includes bibliography 
650 0 0 |a Tourism. 
700 1 |a Baud-Bovy, M.  |q (Manuel) 
830 0 |a Cahiers du tourisme. Serie C ;  |v ; 104 
852 |a INST  |b CHIOS  |e 19960621  |h 338.4791 BAU  |p 005200007615  |q 005200007615  |t BK  |y 0 
909 |a Χ  |b 032098